000 00582nam a2200193 i 4500
001 147825
003 ES-MaACL
005 20230906202256.0
007 t|
008 071005m19001920sp ||||1| spa d
100 1 _aUsunariz Bernat, Joaquín.
_9112321
245 1 0 _aMaravillas de la ciencia /
_cJoaquín Usunariz Bernat.
260 _aBarcelona :
_b[s.n.],
_c[192-?] (
_fImp. Domingo Clarasó)
300 _a139 p. ;
_c16 cm.
490 1 _aManuales Soler ;
_v43
830 0 _aManuales Soler ;
_v43
_9181914
852 _aES-MaACL
_jA-5060
_bR.16907
999 _c147825
_d147825